00657nam a2200109Ia 4500008004100000245004100041300027400082650002800356856007200384999001900456952007200475170517s9999 xx 000 0 und d aWal-Mart: The High Cost of Low Price aWal-Mart has become one of America's most successful retail chains by offering everyday goods at low prices for working families. But just how is Wal-Mart able to charge less than many of their rivals, and what has their success done for their employees? Documentary... xBusiness and Economics. uhttp://topdocumentaryfilms.com/wal-mart-the-high-cost-of-low-price/ c333335d333335 001040aCLbCLd2017-05-17l0r2017-05-17 00:00:00w2017-05-17yDF